LIBRARY & INFORMATION CENTRE, KCAET, TAVANUR

ONLINE PUBLIC ACCESS CATALOGUE (OPAC)

General text book of entomology / (Record no. 10787)

MARC details
000 -LEADER
fixed length control field 00400cam a2200157ua 4500
041 ## - LANGUAGE CODE
Language code of text/sound track or separate title eng
082 ## - DEWEY DECIMAL CLASSIFICATION NUMBER
Classification number 632.7
Item number RIC/GE
100 ## - MAIN ENTRY--AUTHOR NAME
Personal name Richards, O W .
245 ## - TITLE STATEMENT
Title General text book of entomology /
260 ## - PUBLICATION, DISTRIBUTION, ETC. (IMPRINT)
Place of publication London :
Name of publisher Methuen and Co. Ltd ,
Year of publication 1957.
300 ## - PHYSICAL DESCRIPTION
Number of Pages 886 ; .
700 1# - ADDED ENTRY--PERSONAL NAME
Personal name Davies, R G .
942 ## - ADDED ENTRY ELEMENTS (KOHA)
Koha item type Books
Holdings
Withdrawn status Lost status Damaged status Home library Current library Date acquired Full call number Accession Number Koha item type
      KAUAET KAUAET 07/04/2012 632.7 3343 Books
free website counter